000 00660nam a2200253Ia 4500
003 OSt
005 20220918212327.0
006 a|||||r|||| 00| 0
007 ta
008 220917b |||||||| |||| 00| 0 eng d
024 _a128,405
037 _cTextual
040 _aARTS
_cARTS
_beng
041 _2eng
_aeng
082 _aX.2.N5, L3
100 _aThavaraj M J K
_9123440
245 0 _aFinancial control and delegation
260 _aNew Delhi
_bI I P A
_c1973
300 _a166p.
_ccm.
650 _aECONOMICS
700 _a Handa K L
_9123441
942 _hX.2.N5, L3
_cTEXL
_2CC
999 _c251543
_d251543